00828nam a22002177a 45000010005000000030006000050050017000110080041000280200018000690400029000870500014001160820008001301000021001382450072001592600045002313000048002765200190003246500034005146500028005487000034005768422FISKH20250911105855.0250911b cb ||||| |||| 00| 0 eng d a9781577689560 aFISKHbengcFISKHdFISKH aQP38 .H35 a612 aHarris, Nicholas aThe incredible journey throug the human body /cBy Nicholas Harris  aColumbus :bPeter Bedrick Books ,c2002. a32 pages : bcolor illustrations ;c30 cm . aIllustrations and simple text describe the characteristics and functions of the human body's major organs.The reader is taken on a trip into the body through holes in the illustrations. aHealth & FitnessvNon-fiction aHuman BodyvNon-fiction aMontgomery, LeeeIllustrator